El hombre medieval

Wedi'i Gadw mewn:
Manylion Llyfryddiaeth
Prif Awdur: Le Goff, Jacques (Awdur)
Fformat: Llyfr
Iaith:Sbaeneg
Cyhoeddwyd: Madrid Alianza 1990
Pynciau:
Tagiau: Ychwanegu Tag
Dim Tagiau, Byddwch y cyntaf i dagio'r cofnod hwn!

MARC

LEADER 00000nam a2200000 a 4500
001 UCX6133
003 CL-VaPUC
005 20240617160231.0
008 930421e19900000SP |||||||||||||||||spa|d
999 |c 226215  |d 226213 
040 |c Pontificia Universidad Católica de Valparaíso 
082 0 4 |a 940.1  |b LEG  |2 21 
100 |a Le Goff, Jacques  |e author  |9 322549 
245 1 3 |a El hombre medieval 
260 |a Madrid  |b Alianza  |c 1990 
300 |a 387 p 
583 |a last modification  |c 19930421 00:00:00  |k Rodrigo Vera 
650 0 |a Civilización medieval  |9 258042 
650 7 |a Profesiones  |2 CL-VaPUC  |9 262149  |z Europa  |y 476-1492 
650 7 |a Historia medieval  |2 CL-VaPUC  |9 322550 
651 |2 Europa  |x Historia  |y 476-1492  |9 889573 
942 |c BK  |2 ddc 
945 |d 19930421 00:00:00 
952 |0 0  |1 0  |2 ddc  |4 0  |6 940_100000000000000_LEG_1990  |7 1  |8 R  |9 224415  |a BIBHIS  |b BIBHIS  |d 2019-11-15  |i 2931656  |o 940.1 LEG 1990  |p 2931656  |r 2024-01-30  |w 2019-11-15  |y BK_R  |k HIS 
952 |0 0  |1 0  |4 0  |6 940_100000000000000_LEG_1990  |7 0  |8 R  |9 224416  |a BIBHIS  |b BIBHIS  |d 2019-11-15  |i 2931664  |l 1  |o 940.1 LEG 1990  |p 2931664  |r 2024-01-30  |s 2022-06-02  |w 2019-11-15  |y BK_R  |k HIS